El hombre fósil / (Record no. 109896)

MARC details
000 -LEADER
campo de control de longitud fija 01155nam a2200301 i 4500
001 - NÚMERO DE CONTROL
campo de control 109896
003 - IDENTIFICADOR DE NÚMERO DE CONTROL
campo de control ES-MaACL
005 - FECHA Y HORA DE LA ÚLTIMA TRANSACCIÓN
campo de control 20251019063051.0
007 - CAMPO FIJO DE DESCRIPCIÓN FÍSICA--INFORMACIÓN GENERAL
campo de control de longitud fija t|
008 - DATOS DE LONGITUD FIJA--INFORMACIÓN GENERAL
campo de control de longitud fija 061121s1985 sp r ||||1| spa d
020 ## - NÚMERO INTERNACIONAL ESTÁNDAR DEL LIBRO
Número Internacional Estándar del Libro 84-7090-151-6
100 1# - ENTRADA PRINCIPAL--NOMBRE DE PERSONA
Nombre de persona Obermaier, Hugo,
Fechas asociadas al nombre 1877-1946
9 (RLIN) 86395
245 13 - MENCIÓN DEL TÍTULO
Título El hombre fósil /
Mención de responsabilidad, etc. Hugo Obermaier ; prolégomenos, apéndices y editor coordinador José M. Gómez Tabanera [et. al.].
250 ## - MENCION DE EDICION
Mención de edición Ed. fasc. por José M. Gómez Tabanera.
260 ## - PUBLICACIÓN, DISTRIBUCIÓN, ETC.
Lugar de publicación, distribución, etc. Madrid :
Nombre del editor, distribuidor, etc. Istmo,
Fecha de publicación, distribución, etc. 1985.
300 ## - DESCRIPCIÓN FÍSICA
Extensión XVII, 469 p., 35 lám. :
Otras características físicas il. ;
Dimensiones 22 cm.
490 1# - MENCIÓN DE SERIE
Mención de serie colegio universitario : textos redivisos ;
Designación de volumen o secuencia 3
500 ## - NOTA GENERAL
Nota general Reprod. facs. de la ed. de: Madrid : Museo Nacional de Ciencias Naturales, 1925.
650 07 - PUNTO DE ACCESO ADICIONAL DE MATERIA--TÉRMINO DE MATERIA
Término de materia o nombre geográfico como elemento de entrada Hombre prehistórico
Fuente del encabezamiento o término embne
9 (RLIN) 13455
655 #7 - TERMINO DE INDIZACIÓN--GENERO/FORMA
Fuente del término tgfbne
9 (RLIN) 226495
Datos o término principal de género/forma Facsímiles
700 0# - ENTRADA AGREGADA--NOMBRE PERSONAL
Nombre de persona Gómez-Tabanera, José Manuel,
Fechas asociadas al nombre 1926-2011
9 (RLIN) 58165
710 2# - ENTRADA AGREGADA--NOMBRE DE ENTIDAD CORPORATIVA
Nombre de entidad corporativa o nombre de jurisdicción como elemento de entrada Museo Nacional de Ciencias Naturales (España)
9 (RLIN) 5897
830 0# - PUNTO DE ACCESO ADICIONAL DE SERIE-TÍTULO UNIFORME
Título uniforme colegio universitario : textos redivisos ;
Designación de volumen o secuencia 3
9 (RLIN) 226684
852 ## - LOCALIZACIÓN
Ubicación ES-MaACL
Número de control de estantería L-10075
852 ## - LOCALIZACIÓN
Ubicación ES-MaACL
Número de control de estantería L-9833
942 ## - ELEMENTOS DE ENTRADA SECUNDARIOS (KOHA)
Fuente del sistema de clasificación o colocación Clasificación decimal universal
Holdings
Estatus retirado Estado de pérdida Estado de daño No para préstamo Biblioteca de origen Biblioteca actual Ubicación en estantería Fecha de adquisición Fuente de adquisición Total de préstamos Signatura topográfica completa Código de barras Visto por última vez Precio de reemplazo Tipo de ítem Koha
        Biblioteca del Ateneo de Madrid Biblioteca del Ateneo de Madrid Depósito 2 17/01/2008     L-9833 1114662 23/02/2023 23/02/2023 Libro impreso
        Biblioteca del Ateneo de Madrid Biblioteca del Ateneo de Madrid Depósito 2 17/01/2008     L-10075 1114661 23/02/2023 23/02/2023 Libro impreso